000 01016nam a22002417a 4500
005 20140925160306.0
008 140925b2007 ck ||||| |||| 00| 0 ck spa d
020 _a9789588332093
041 _aspa
044 _ack
082 0 4 _a333.72
_bI37e
245 0 0 _aEstado actual y propuesta de plan de manejo ambiental de los páramos de a Cordillera Central del Valle del Cauca, jurisdicción CVC
_ceditado por Alejandro Castaño, Guillermo Andrés Ospina y Wilson Devia
260 _aSantiago de Cali :
_bInciva,
_bCVC,
_c2007.
300 _a29 p.
_bFot (col), tablas.
_c22 cm.
504 _aIncluye referencias bibliográficas (pag 29) e índice
650 4 _aPáramos
_xConservación de los recursos naturales
_927278
650 4 _aPáramos
_x Planificación Regional
_zValle del Cauca
_927279
650 4 _aPáramos
_xAspectos Ambientales
_927280
700 1 _aCastaño, Alejandro
_eed.
_927281
700 1 _aOspina, Guillermo Andrés
_eed.
_927282
700 1 _aDevia, Wilson
_eed.
_927283
942 _2ddc
_cFolleto
999 _c8738
_d8738